Male infertility / (Record no. 3559)
[ view plain ]
| 000 -LEADER | |
|---|---|
| fixed length control field | 00840nac a22002411u 4500 |
| 010 ## - LIBRARY OF CONGRESS CONTROL NUMBER | |
| LC control number | 76050145 |
| 020 ## - INTERNATIONAL STANDARD BOOK NUMBER | |
| International Standard Book Number | 0721612148 |
| 082 00 - DEWEY DECIMAL CLASSIFICATION NUMBER | |
| Classification number | 616.692 |
| Item number | Am32 |
| 090 ## - LOCALLY ASSIGNED LC-TYPE CALL NUMBER (OCLC); LOCAL CALL NUMBER (OCLC) | |
| -- | 3559 |
| -- | 3559 |
| 100 ## - MAIN ENTRY--PERSONAL NAME | |
| Personal name | Amelar, Richard D. |
| 245 10 - TITLE STATEMENT | |
| Title | Male infertility / |
| Statement of responsibility, etc | Richard D. Amelar, Lawrence Dubin, Patrick C. Walsh. |
| 260 ## - PUBLICATION, DISTRIBUTION, ETC. (IMPRINT) | |
| Place of publication, distribution, etc | Philadelphia : |
| Name of publisher, distributor, etc | Saunders, |
| Date of publication, distribution, etc | 1977. |
| 300 ## - PHYSICAL DESCRIPTION | |
| Extent | xiv, 258 p. : |
| Other physical details | ill. ; |
| Dimensions | 25 cm. |
| 500 ## - GENERAL NOTE | |
| General note | Donations. |
| 500 ## - GENERAL NOTE | |
| General note | Donations - Bibliotheca Alexandrina. |
| 504 ## - BIBLIOGRAPHY, ETC. NOTE | |
| Bibliography, etc | Includes bibliographies and index. |
| 650 #0 - SUBJECT ADDED ENTRY--TOPICAL TERM | |
| Topical term or geographic name as entry element | Infertility, Male. |
| 650 #0 - SUBJECT ADDED ENTRY--TOPICAL TERM | |
| Topical term or geographic name as entry element | Sterility, Male. |
| 700 1# - ADDED ENTRY--PERSONAL NAME | |
| Personal name | Dubin, Lawrence, |
| 700 1# - ADDED ENTRY--PERSONAL NAME | |
| Personal name | Walsh, Patrick C., |
| Dates associated with a name | 1938- |
| 942 ## - ADDED ENTRY ELEMENTS (KOHA) | |
| Item type | Book - Borrowing |
| Call number prefix | 616.692Am32 |
| Withdrawn status | Item status | Source of classification or shelving scheme | Damaged status | Not for loan | Home library | Current library | Shelving location | Date acquired | Source of acquisition | Total Checkouts | Full call number | Barcode | Date last seen | Koha item type |
|---|---|---|---|---|---|---|---|---|---|---|---|---|---|---|
| Dewey Decimal Classification | Central Library | Central Library | First floor | 29/04/2007 | Purchase | 616.692 AME | 000030323 | 15/07/2025 | Book - Borrowing |